Základy romštiny

Na minha lista:
Detalhes bibliográficos
Autor principal: Hübschmannová, Milena
Formato: Livro
Idioma:tcheco
Publicado em: Praha Academia 1974
Colecção:Malé učebnice nového orientu
Tags: Adicionar Tag
Sem tags, seja o primeiro a adicionar uma tag!

MARC

LEADER 00000nam a2200000 4500
001 c120727
005 20041019155218.2
041 0 |a cze 
044 |a CZ 
245 1 0 |a Základy romštiny  |c Milena Hübschmannová 
264 1 |a Praha  |b Academia  |c 1974 
300 |a 120 s. 
490 1 |a Malé učebnice nového orientu 
830 0 |a Malé učebnice nového orientu 
100 1 |a Hübschmannová, Milena